000 02025nam a2200241Ia 4500
003 Ost
005 20260507074939.0
008 260507s9999||||xx |||||||||||||| ||und||
040 _cfsecg
041 _aara
082 _a1.64
100 _aجمعة، احمد حلمي
_eمؤلف
245 0 _aنظم المعلومات المحاسبية :
_bمدخل تطبيقي معاصر /
_c احمد حلمي جمعة
260 _aعمان:
_bدار المناهج,
_c2007
300 _a364 صفحة؛
_bإيضاحات ؛
_c24 سم
504 _aبيبليوغرافيا ص.361
520 _aتناول الكتاب نظم المعلومات المحاسبية من خلال تعرضه لعشرة موضوعات رئيسية شغل كل منها أحد أجزاء الكتاب فتناول الفصل الأول المحاسبة كنظام للمعلومات، والفصل الثاني الوظائف الأساسية لنظام المحاسبة الإلكترونية والفصل الثالث الوظائف الأساسية لنظام تشغيل البيانات المحاسبية والفصل الرابع إدخال البيانات المحاسبية إلكترونياً، والفصل الخامس تنظيم البيانات المحاسبية إلكترونياً، والفصل السادس معالجة البيانات المحاسبية إلكترونياً، والفصل السابع: استخدام البرامج الجاهزة في تطبيقات المحاسبة المالية والفصل الثامن: تطور نماذج قياس قيمة المعلومات المحاسبية، الفصل التاسع: المعلومات المحاسبية واتخاذ القرار، والفصل العاشر: تكنولوجيا أمن المعلومات المحاسبية.
653 _aمحاسبة
653 _aمعالجة البيانات
653 _aنظم المعلومات- المؤسسة الممتدة
700 _aالعربيد، عصام فهد
_eمؤلف ثانوي
942 _cكتاب
999 _c41915
_d41915